Hip Hop Subgenres Quiz (Sudden Death) - Statistics

General Stats
  • This quiz has been taken 233 times
  • The average score is 9 of 30
Answers on the Grid
Answers color-coded by a green-red scale on the quiz's grid according to % correct below.
Abstract hip hop
Boom bap
Chopped and screwed
Chipmunk soul
Christian hip hop
Cloud rap
Comedy rap
Conscious hip hop
Country rap
Crunk
Digicore
Dirty south
Disco rap
Drumless hip hop
Emo rap
G-funk
Gangsta rap
Hardcore hip hop
Hyphy
Industrial hip hop
Jazz rap
Jerk
Lowend
Miami bass
Nerdcore
Political hip hop
Pop rap
Trap
Drill
Snap
Lock
Metal hip hop
Judacore
Coke rap
Pickpocket
Click clack
Grindcore
Slacker rap
New jack swing
Break
Rustic hip hop
Arcade rap
Grit
Chamber hip hop
Swamp-hop
 
Answer Stats
Answer % Correct
Gangsta rap
56%
Pop rap
49%
Cloud rap
48%
Conscious hip hop
48%
Jazz rap
48%
Trap
48%
Drill
47%
Boom bap
43%
G-funk
43%
Emo rap
40%
Hardcore hip hop
37%
Christian hip hop
35%
Industrial hip hop
35%
Abstract hip hop
33%
Political hip hop
30%
Chopped and screwed
26%
Country rap
26%
Comedy rap
22%
Drumless hip hop
22%
Chipmunk soul
21%
Disco rap
21%
Crunk
20%
Dirty south
19%
Jerk
15%
Nerdcore
15%
Miami bass
13%
Digicore
10%
Hyphy
8%
Snap
3%
Lowend
2%
No matching quizzes found
Score Distribution
Percent of People with Each Score
Percentile by Number Answered
Your Score History
You have not taken this quiz